|
|
|
|
| LEADER |
01809nam a2200349 a 4500 |
| 001 |
GR-MES11834 |
| 003 |
GR-PaULI |
| 005 |
20250318132704.0 |
| 008 |
070321s2006 gr 000 0 gre d |
| 020 |
|
|
|a 9604104306
|
| 040 |
|
|
|a GrPaTEI
|b gre
|c GR-PaULI
|e AACR2
|
| 041 |
1 |
|
|a gre
|h eng
|
| 082 |
0 |
4 |
|a 362.290 92
|2 23
|
| 082 |
0 |
4 |
|a Ξ
|
| 100 |
1 |
|
|a Frey, James,
|9 188943
|d 1969-
|e συγγραφέας.
|
| 245 |
1 |
0 |
|a Χίλια κομμάτια /
|c Τζέιμς Φράι ; μετάφραση Αλέξης Εμμανουήλ.
|
| 260 |
|
|
|a Αθήνα :
|b Ωκεανίδα,
|c 2006.
|
| 300 |
|
|
|a 668 σ. ;
|c 21 εκ.
|
| 490 |
1 |
|
|a «Η» περιπέτεια του ανθρώπου
|
| 500 |
|
|
|a Τίτλος πρωτοτύπου: A million little pieces.
|
| 600 |
1 |
4 |
|9 188943
|a Frey, James,
|d 1969-
|
| 650 |
|
4 |
|a Ναρκωτικά
|9 7431
|
| 650 |
|
4 |
|9 188946
|a Εξαρτημένα άτομα
|
| 700 |
1 |
|
|a Εμμανουήλ, Αλέξης
|9 21943
|e μεταφραστής.
|
| 765 |
|
|
|i Μετάφραση του:
|t A million little pieces
|
| 830 |
|
0 |
|a Περιπέτεια του ανθρώπου
|9 188944
|
| 942 |
|
|
|2 ddc
|c BKN
|
| 952 |
|
|
|0 0
|1 0
|2 ddc
|4 0
|6 Ξ_FRE
|7 0
|9 270619
|a MSLG
|b MSLG
|c BSC
|d 2021-01-17
|e 24
|f 1
|g 0.00
|l 0
|o Ξ FRE
|p 2420000021485
|r 2021-01-17 00:00:00
|t 1
|w 2021-01-17
|y BK15
|x 20070321 0 1
|x GrPaTEI
|
| 952 |
|
|
|0 0
|1 0
|2 ddc
|4 0
|6 362_290000000000000_92_FRE
|7 0
|9 353457
|a LISP
|b LISP
|c DON
|d 2021-12-14
|e ΠΑΤ
|i 254211
|l 0
|o 362.290 92 FRE
|p 025000289331
|r 2021-12-14 00:00:00
|t 2
|w 2021-12-14
|y BKN
|
| 952 |
|
|
|0 0
|1 0
|2 ddc
|4 0
|6 362_290000000000000_92_FRE
|7 0
|9 387636
|a LISP
|b LISP
|c BSC
|d 2025-02-17
|e ΚΟΤ
|i 060608
|l 0
|o 362.290 92 FRE
|p 025000310048
|r 2025-02-17 13:20:26
|t 3
|w 2025-02-17
|y BK15
|z Δωρεά Ελισάβετ και Παναγιώτη Κοτζιά
|
| 998 |
|
|
|c ΜΠΟΥΡΑΣ
|d 2021-12
|
| 999 |
|
|
|c 156324
|d 156324
|